00613cam a22002291a 4500001001300000003000400013005001700017008004100034010001700075025001700092035002000109040002100129042001200150050002000162100003000182245005800212260004800270300002100318546001400339500001300353999001700366sa 63000958 DLC20260227111924.0950123s1961 ii 000 1 tamo  asa 63000958  aPL480:I-T-83 a(OCoLC)31874019 aDLCcCUdCUdDLC apremarc00aPL4758.9.S4bV32 aCētu Ammāḷ, Ku. Pa.10aVaḷḷiyin̲ uḷḷam /cKu. Pa. Cētu Ammāḷ. aCen̲n̲ai :bVān̲ati Patippakam,c1961. a226 p. ;c19 cm. aIn Tamil. aA novel. c53728d53728